| 000 | 01250cam a22003737a 4500 | ||
|---|---|---|---|
| 003 | CHAP | ||
| 005 | 20220817040809.0 | ||
| 008 | 971013s1989 it b r 00010 spa d | ||
| 010 | _a461 | ||
| 011 | _a1433 | ||
| 020 | _a9250027869 | ||
| 035 | _a609 | ||
| 040 | _cCHAP | ||
| 082 |
_a636.08 _bF3 v.75 |
||
| 110 | _aFAO | ||
| 245 | 1 | 3 |
_aLa erradicación de las garrapatas = The eradication of ticks _c/por FAO |
| 260 |
_aRome : _bFAO, _c1989 |
||
| 300 |
_a322 p. : _ccuadros, gráfs., mapas |
||
| 490 | 0 |
_aFAO. Producción y sanidad animal _v; 75 |
|
| 500 | _aEd. bilingue: (ingles, español) | ||
| 590 |
_aBATCH-UPD _b10 _c20130110 _lUCH01 _h0247 |
||
| 590 |
_aBATCH-UPD _b10 _c20130110 _lUCH01 _h1842 |
||
| 590 |
_aBATCH-UPD _b10 _c20130410 _lUCH01 _h1343 |
||
| 590 |
_aBATCH-UPD _b10 _c20130913 _lUCH01 _h1847 |
||
| 590 |
_aCONVERSION _b10 _c20130109 _lUCH01 _h1302 |
||
| 650 | 1 | 4 |
_aAcaricidas. _9404 |
| 650 | 1 | 4 |
_aControl de plagas. _927595 |
| 650 | 1 | 4 |
_aGarrapatas. _946932 |
| 830 | 0 |
_aFAO. Producción y sanidad animal _v; 75 _939655 |
|
| 901 | _aBK | ||
| 942 | _cLIBRO | ||
| 949 |
_a636.08 F3 v.75 _bBC _cFAO _d33724002128488 _eFAO2 _fc.2 _gDonaciØn _h78639 _i609 _sb |
||
| 949 |
_a636.08 F3 v.75 _bBC _cFAO _d33724002128520 _eFAO1 _gDonaciØn _h76940 _i609 _sb |
||
| 999 |
_c461 _d461 |
||